000 00863nam a2200133Ia 4500
008 171212s9999 xx 000 0 und d
020 _a9780833088390
100 _aHardison, Chaitra M.;Lim, Nelson;Keller, Kirsten M.;Marquis, Jefferson P.;Payne, Leslie Adrienne;Bozick, Robert;Mariano, Louis T.;Mauro, Jacqueline A.;Miyashiro, Lisa;Oak, Gillian S.;Saum-Manning, Lisa
245 _cHardison, Chaitra M.;Lim, Nelson;Keller, Kirsten M.;Marquis, Jefferson P.;Payne, Leslie Adrienne;Bozick, Robert;Mariano, Louis T.;Mauro, Jacqueline A.;Miyashiro, Lisa;Oak, Gillian S.;Saum-Manning, Lisa
_aRecommendations for Improving the Recruiting and Hiring of Los Angeles Firefighters
260 _bRAND Corporation
_c2015
650 _aBusiness
650 _aFire fighters -- Recruiting -- California -- Los Angeles
856 _uhttp://www.jstor.org/stable/10.7249/j.ctt14tqcrt
999 _c352472
_d352472